| 000 | 00594nam a2200181 i 4500 | ||
|---|---|---|---|
| 001 | 31748 | ||
| 003 | ES-MaACL | ||
| 005 | 20230906154433.0 | ||
| 007 | t| | ||
| 008 | 030130s1971 sp ||||1| spa d | ||
| 100 | 1 |
_aBaumann, Hans. _926582 |
|
| 245 | 1 | 0 |
_aEn el país de Ur _b: el descubrimiento de la antigua Mesopotamia / _cHans Baumann ; [traducción de Mariano Orta Manzano]. |
| 250 | _a[1ª ed.]. | ||
| 260 |
_aBarcelona : _bJuventud, _c[1971] |
||
| 300 |
_a186 p., 11 lám. : _bil., 1 map. ; _c21 cm. |
||
| 700 | 1 |
_aOrta Manzano, Mariano. _987384 |
|
| 852 |
_aES-MaACL _jC-39118 _bR.79903 |
||
| 999 |
_c31748 _d31748 |
||